|
|
|
|
| LEADER |
01466nam a2200409 a 4500 |
| 001 |
EBC178949 |
| 003 |
MiAaPQ |
| 005 |
20200520144314.0 |
| 006 |
m o d | |
| 007 |
cr cn||||||||| |
| 008 |
050919s2004 enk sbd 000 0 eng |
| 010 |
|
|
|z 2005282294
|
| 015 |
|
|
|a GBA3U3742
|2 bnb
|
| 016 |
7 |
|
|z 007733116
|2 Uk
|
| 020 |
|
|
|z 1857432126
|
| 035 |
|
|
|a (MiAaPQ)EBC178949
|
| 035 |
|
|
|a (Au-PeEL)EBL178949
|
| 035 |
|
|
|a (CaPaEBR)ebr10162235
|
| 035 |
|
|
|a (CaONFJC)MIL28174
|
| 035 |
|
|
|a (OCoLC)62746068
|
| 040 |
|
|
|a MiAaPQ
|c MiAaPQ
|d MiAaPQ
|
| 043 |
|
|
|a aw-----
|
| 050 |
|
4 |
|a HC415.15
|b .S43 2004
|
| 082 |
0 |
4 |
|a 956.003
|2 22
|
| 100 |
1 |
|
|a Seddon, David.
|
| 245 |
1 |
2 |
|a A political and economic dictionary of the Middle East
|h [electronic resource] /
|c David Seddon.
|
| 250 |
|
|
|a 1st ed.
|
| 260 |
|
|
|a London ;
|a New York :
|b Europa Publications,
|c 2004.
|
| 300 |
|
|
|a x, 603 p.
|
| 504 |
|
|
|a Includes bibliographical references (p. 603).
|
| 533 |
|
|
|a Electronic reproduction. Ann Arbor, MI : ProQuest, 2015. Available via World Wide Web. Access may be limited to ProQuest affiliated libraries.
|
| 651 |
|
0 |
|a Middle East
|x Economic conditions
|v Dictionaries.
|
| 651 |
|
0 |
|a Middle East
|x Economic policy
|v Dictionaries.
|
| 651 |
|
0 |
|a Middle East
|x Politics and government
|v Dictionaries.
|
| 655 |
|
4 |
|a Electronic books.
|
| 710 |
2 |
|
|a ProQuest (Firm)
|
| 856 |
4 |
0 |
|u https://ebookcentral.proquest.com/lib/matrademy/detail.action?docID=178949
|z Click to View
|